Kluby Ekstraklasy według Logo - Statystyki

Ogólne statystyki
  • Ten quiz został rozwiązany 202 razy
    189 od ostatniego zresetowania
  • Średni wynik to 17 z 18
Statystyki odpowiedzi
Obrazkowy Odpowiedź % Poprawnych
Lech Poznań
99%
Górnik Zabrze
98%
Cracovia
97%
Legia Warszawa
97%
Jagiellonia Białystok
95%
Pogoń Szczecin
95%
Korona Kielce
94%
Raków Częstochowa
94%
Lechia Gdańsk
92%
Motor Lublin
92%
Piast Gliwice
90%
Puszcza Niepołomice
90%
Radomiak Radom
90%
Stal Mielec
90%
Śląsk Wrocław
88%
Widzew Łódź
88%
Zagłębie Lubin
86%
GKS Katowice
85%
Nie znaleziono quizów pasujących do podanych kryteriów
Rozkład punktacji
Procent ludzi z każdym wynikiem
Percentyl według liczby udzielonych odpowiedzi
Twoja historia wyników
Nie rozwiązałeś tego quizu od ostatniego zresetowania